[Event "U20 Pan-American Chess Championship Ope"]
[Site "Sede Social CFCSN - Rua Gen. "]
[Date "2023.11.10"]
[Round "8.9"]
[White "Seccafim, Caic Dos Santos"]
[Black "Silva, Kaua Marques"]
[Result "0-1"]
[WhiteElo "2062"]
[BlackElo "2235"]
[PlyCount "154"]
[EventDate "2023.11.06"]
[EventRounds "9"]
[EventCountry "BRA"]

1. e4 c6 2. d4 d5 3. exd5 cxd5 4. c4 Nf6 5. Nc3 Nc6 6. Bg5 dxc4 7. Bxc4 h6 8.
Bxf6 exf6 9. Nf3 Bd6 10. O-O O-O 11. h3 a6 12. Rc1 Bf4 13. Ra1 Ne7 14. a3 b5
15. Bb3 Bb7 16. d5 Qd7 17. Qd3 Qf5 18. Rad1 Rad8 19. Rfe1 Qxd3 20. Rxd3 Ng6 21.
g3 Bd6 22. h4 Rd7 23. Ne4 Rfd8 24. Nxd6 Rxd6 25. h5 Nf8 26. Bc2 Nd7 27. Nh4 Ne5
28. Rd4 Bc8 29. f4 Ng4 30. Bb1 Kf8 31. Be4 Re8 32. Rdd1 f5 33. Bf3 Nf6 34. Re5
Ng4 35. Bxg4 fxg4 36. Ng2 Red8 37. Ne3 f6 38. Re4 Bd7 39. Kf2 Be8 40. Rh1 Bf7
41. Rd4 R6d7 42. Rd2 Bxd5 43. Rhd1 Bc6 44. Rxd7 Rxd7 45. Rxd7 Bxd7 46. Nd5 Bc6
47. Nb4 Bb7 48. Ke3 Ke7 49. Nd3 Kd6 50. Kd4 Bc6 51. b4 Be8 52. Nc5 Bxh5 53.
Nxa6 Be8 54. Nc5 Bc6 55. Ke3 g6 56. Nd3 Kd5 57. Nf2 h5 58. Ne4 Ke6 59. Nd2 g5
60. Nb3 Kd5 61. fxg5 fxg5 62. Nd4 Bd7 63. Nc2 Ke5 64. Nd4 h4 65. Ne2 h3 66. Kf2
Bc6 67. Kg1 Ke4 68. Kh2 Kd3 69. Nc1+ Kc2 70. Ne2 Kb2 71. Nd4 Bd7 72. a4 bxa4
73. b5 a3 74. b6 Bc8 75. Kg1 a2 76. Nb3 Kxb3 77. Kh2 Bb7 0-1

[Event "U20 Pan-American Chess Championship Ope"]
[Site "Sede Social CFCSN - Rua Gen. "]
[Date "2023.11.10"]
[Round "8.10"]
[White "Ribeiro, Matheus Mendes Domi"]
[Black "Castro Salgado, Pablo"]
[Result "1/2-1/2"]
[WhiteElo "2150"]
[BlackElo "2150"]
[PlyCount "74"]
[EventDate "2023.11.06"]
[EventRounds "9"]
[EventCountry "BRA"]

1. c4 e5 2. g3 c6 3. Nf3 e4 4. Nd4 d5 5. cxd5 Qxd5 6. Nc2 Nf6 7. Nc3 Qe5 8. Bg2
Be7 9. Ne3 Na6 10. O-O Nb4 11. d3 exd3 12. exd3 Be6 13. a3 Nbd5 14. Nexd5 cxd5
15. Bf4 Qf5 16. Qa4+ Kf8 17. Rfe1 Nd7 18. Qb5 Nc5 19. Bxd5 Bxd5 20. Rxe7 Bc6
21. Bd6 Bxb5 22. Re5+ Kg8 23. Rxf5 Nb3 24. Rd1 Bd7 25. Rf4 h5 26. Rc4 Re8 27.
Re4 Rh6 28. Rxe8+ Bxe8 29. Bf4 Re6 30. d4 Bd7 31. d5 Re8 32. Kg2 Nc5 33. Be3
Na4 34. Bxa7 Nxb2 35. Rb1 Nd3 36. Rxb7 Re7 37. Nb5 Kf8 1/2-1/2

[Event "U20 Pan-American Chess Championship Ope"]
[Site "Sede Social CFCSN - Rua Gen. "]
[Date "2023.11.10"]
[Round "8.11"]
[White "Casalaspro, Mathias Andre"]
[Black "Cahuapaza Tarapaca, Leonardo"]
[Result "1-0"]
[WhiteElo "2060"]
[BlackElo "1818"]
[PlyCount "95"]
[EventDate "2023.11.06"]
[EventRounds "9"]
[EventCountry "BRA"]

1. e4 c6 2. Nc3 d5 3. Qe2 dxe4 4. Nxe4 e6 5. d3 Nf6 6. Bd2 Nbd7 7. O-O-O Be7 8.
f4 Qc7 9. Nf3 Nd5 10. g3 b5 11. c4 bxc4 12. dxc4 Ba6 13. Qe1 N5f6 14. Bc3 O-O
15. Ne5 Rfd8 16. Nxf7 Re8 17. Neg5 Nf8 18. Qe5 Qxe5 19. Nxe5 h6 20. Ngf3 Ne4
21. Bd4 c5 22. Be3 Bb7 23. Bg2 Nf6 24. Rd2 Rac8 25. Rhd1 Rc7 26. Rd3 Ba8 27.
Ra3 N8d7 28. Bh3 Bf8 29. Ra6 Nb6 30. Nh4 g5 31. fxg5 hxg5 32. Bxg5 Bg7 33. Rd6
Ne4 34. Rxe6 Rxe6 35. Bxe6+ Kf8 36. Bf4 Ke8 37. Nf5 Nf2 38. Ra3 Be4 39. Ng4
Bxf5 40. Bxf5 Rb7 41. Re3+ Kf8 42. Nxf2 Nxc4 43. Rb3 Re7 44. Ne4 Bd4 45. h4 a5
46. a4 Nxb2 47. Bd6 Kf7 48. Bxe7 1-0

[Event "U20 Pan-American Chess Championship Ope"]
[Site "Sede Social CFCSN - Rua Gen. "]
[Date "2023.11.10"]
[Round "8.12"]
[White "Da Fonseca Pinto, Joao Gabriel Alves"]
[Black "Munoz Ramos, Christopher"]
[Result "0-1"]
[WhiteElo "1762"]
[BlackElo "2038"]
[PlyCount "80"]
[EventDate "2023.11.06"]
[EventRounds "9"]
[EventCountry "BRA"]

1. e4 c5 2. Nf3 d6 3. d4 cxd4 4. Nxd4 Nf6 5. Nc3 a6 6. f3 e5 7. Nb3 Be6 8. Be3
Be7 9. Qd2 O-O 10. O-O-O Nbd7 11. g4 b5 12. g5 b4 13. Nd5 Nxd5 14. exd5 Bf5 15.
h4 a5 16. Bd3 Bxd3 17. Qxd3 a4 18. Nd2 Qc7 19. Kb1 f5 20. gxf6 Bxf6 21. Ne4
Rfb8 22. Ng5 Bxg5 23. hxg5 g6 24. Rh6 Nf8 25. f4 b3 26. cxb3 axb3 27. a3 e4 28.
Qd2 Rc8 29. Rc1 Qb7 30. Rhh1 Qb5 31. Rhd1 Rab8 32. Qd4 Qe2 33. Bd2 Rxc1+ 34.
Rxc1 Rb5 35. Bb4 Qd3+ 36. Qxd3 exd3 37. Rc3 Rxd5 38. Kc1 Ne6 39. Rc6 Nxf4 40.
Rxd6 Rxg5 0-1

[Event "U20 Pan-American Chess Championship Ope"]
[Site "Sede Social CFCSN - Rua Gen. "]
[Date "2023.11.10"]
[Round "8.13"]
[White "Reyes Zavaleta, Sergio Gabriel"]
[Black "Varillas Jimenez, Ivan"]
[Result "0-1"]
[WhiteElo "1287"]
[BlackElo "1985"]
[PlyCount "86"]
[EventDate "2023.11.06"]
[EventRounds "9"]
[EventCountry "BRA"]

1. d4 g6 2. Nf3 Bg7 3. c4 c5 4. dxc5 Na6 5. Nc3 Nxc5 6. e3 Nf6 7. Bd2 O-O 8.
Rc1 b6 9. b4 Ne6 10. Be2 Bb7 11. O-O Rc8 12. Qb3 Qc7 13. Nd5 Qd8 14. Nc3 d6 15.
Rfd1 Qd7 16. Be1 Rfd8 17. Qa3 Bxf3 18. Bxf3 Rxc4 19. Be2 Rcc8 20. Bb5 Rxc3 21.
Qa4 Rxc1 22. Bxd7 Rxd1 23. Qxd1 Rxd7 24. a4 Rc7 25. f3 d5 26. Bg3 Rc4 27. b5
Nc5 28. Bb8 Rxa4 29. h3 e6 30. Bd6 Ne8 31. Bxc5 Ra1 32. Qxa1 Bxa1 33. Bb4 Nc7
34. Kf2 Nxb5 35. Ke2 Bc3 36. Be7 f6 37. Kd3 Kf7 38. Ba3 Nxa3 39. Kxc3 a5 40.
Kb3 Nc4 41. e4 b5 42. Kc3 b4+ 43. Kb3 Ke7 0-1

[Event "U20 Pan-American Chess Championship Ope"]
[Site "Sede Social CFCSN - Rua Gen. "]
[Date "2023.11.10"]
[Round "8.14"]
[White "Nascimento, Nicolas Daniel Trin"]
[Black "Lima, Carlos Eduardo I De"]
[Result "1/2-1/2"]
[WhiteElo "1797"]
[BlackElo "1857"]
[PlyCount "152"]
[EventDate "2023.11.06"]
[EventRounds "9"]
[EventCountry "BRA"]

1. Nf3 Nf6 2. d4 b6 3. g3 Bb7 4. Bg2 e6 5. O-O Be7 6. c4 O-O 7. Nc3 d5 8. cxd5
Nxd5 9. Re1 Nxc3 10. bxc3 c5 11. e4 Nc6 12. Bb2 Rc8 13. Rc1 Na5 14. Qe2 Qd7 15.
Red1 Qa4 16. Ba1 Nc4 17. Nd2 cxd4 18. cxd4 Na5 19. Nf1 Ba3 20. Rxc8 Rxc8 21.
Ne3 Bf8 22. d5 exd5 23. exd5 Nc4 24. Qg4 h5 25. Qxh5 Nxe3 26. fxe3 Qa3 27. Bd4
Rc1 28. Be4 Rxd1+ 29. Qxd1 g6 30. Qd2 Qa4 31. Bf3 Qb5 32. Bb2 Ba6 33. Bg2 Qd3
34. Qxd3 Bxd3 35. Be5 Be7 36. Bb8 Bc5 37. Kf2 a5 38. d6 Bb5 39. Bb7 Bd7 40. Kf3
Kf8 41. e4 f6 42. Bc7 a4 43. h4 a3 44. Bd5 Bd4 45. g4 Be5 46. Bxb6 Bxd6 47. Bd4
Ke7 48. h5 gxh5 49. gxh5 Be8 50. Kg4 Bd7+ 51. Kh4 Be8 52. h6 Bg6 53. Kg4 Bh7
54. Kh4 Bb4 55. e5 fxe5 56. Bxe5 Bd2 57. Kh5 Bc1 58. Bd4 Bb2 59. Be3 Kf6 60.
Bg5+ Ke5 61. Bf7 Kf5 62. Be7 Bc1 63. Be8 Bb2 64. Bf7 Bc1 65. Bf8 Bb2 66. Bg7
Bc1 67. Be8 Bb2 68. Bf8 Kf6 69. Bg7+ Kf5 70. Ba4 Kf4 71. Bb3 Bc1 72. Bf8 Bb2
73. Be7 Ke5 74. Bd8 Bc1 75. Be7 Bb2 76. Bb4 Kf6 1/2-1/2

[Event "U20 Pan-American Chess Championship Open 2023"]
[Site "Sede Social CFCSN - Rua Gen. Oswaldo P. da Veiga, 231 - 3º Andar - Volta Redonda"]
[Date "2023.11.11"]
[Round "9"]
[Board "7"]
[White "Labussiere, Yago"]
[Black "Piccoli, Lucas Fonseca"]
[Result "1/2-1/2"]
[WhiteElo "2185"]
[BlackElo "2225"]
[PlyCount "91"]
[EventDate "2023.11.06"]
[EventRounds "9"]
[EventCountry "BRA"]

1. c4 e6 2. Nf3 Nf6 3. g3 b6 4. Bg2 Bb7 5. O-O c5 6. d4 cxd4 7. Qxd4 Be7 8. Nc3 d6
9. b3 O-O 10. Rd1 Nbd7 11. Bb2 a6 12. h3 Qc7 13. Rac1 Rac8 14. Qf4 Ne5 15. Qe3 Ned7
16. g4 Rfd8 17. g5 Nh5 18. h4 Bf8 19. Ne1 Qb8 20. Nd3 b5 21. cxb5 Bxg2 22. Kxg2 axb5
23. Qf3 g6 24. e3 Bg7 25. a3 Nc5 26. Nxc5 Rxc5 27. e4 Rdc8 28. Rd3 Be5 29. Kg1 b4
30. axb4 Qxb4 31. Kf1 Qxb3 32. Nd1 Qb5 33. Rxc5 Rxc5 34. Bxe5 dxe5 35. Kg1 Rc1 36.
Rd8+ Kg7 37. Qa3 Rxd1+ 38. Rxd1 Qe2 39. Rd8 Qe1+ 40. Kg2 Nf4+ 41. Kf3 Qe2+ 42. Kg3
Nh5+ 43. Kg2 Nf4+ 44. Kg3 Nh5+ 45. Kg2 Nf4+ 46. Kg3  1/2-1/2

[Event "U20 Pan-American Chess Championship Open 2023"]
[Site "Sede Social CFCSN - Rua Gen. Oswaldo P. da Veiga, 231 - 3º Andar - Volta Redonda"]
[Date "2023.11.11"]
[Round "9"]
[Board "8"]
[White "Castro Salgado, Pablo"]
[Black "Montes Orozco, Miguel Angel"]
[Result "1/2-1/2"]
[WhiteElo "2150"]
[BlackElo "2097"]
[PlyCount "104"]
[EventDate "2023.11.06"]
[EventRounds "9"]
[EventCountry "BRA"]

1. d4 Nf6 2. Nf3 e6 3. c4 d5 4. Nc3 Bb4 5. cxd5 exd5 6. Bg5 h6 7. Bh4 g5 8. Bg3 Ne4
9. Nd2 Nxg3 10. hxg3 c6 11. Qc2 Be6 12. a3 Be7 13. O-O-O Nd7 14. e4 Qb6 15. f4 dxe4
16. Bc4 e3 17. Bxe6 exd2+ 18. Rxd2 fxe6 19. Qg6+ Kd8 20. Qxe6 Bf6 21. Re1 Kc7 22.
Rc2 Rae8 23. Nd5+ Kd8 24. Nxb6 Rxe6 25. Rxe6 axb6 26. d5 cxd5 27. f5 Re8 28. Rf2
Nc5 29. Rd6+ Kc7 30. Rxd5 Re1+ 31. Kd2 Rb1 32. Ke3 Rxb2 33. Rxb2 Bxb2 34. Kf3 Nd7
35. a4 Nf6 36. Rd2 Be5 37. g4 Ba1 38. Rd1 Bb2 39. Rb1 Bd4 40. Rh1 Ng8 41. Rc1+ Bc5
42. Re1 Nf6 43. Rh1 Bf8 44. Rd1 Bc5 45. Rf1 Bb4 46. Rh1 Bf8 47. Rc1+ Kd7 48. Re1
Bc5 49. Re6 Bd4 50. Re1 Bc5 51. Rh1 Bf8 52. Rd1+ Bd6  1/2-1/2

[Event "U20 Pan-American Chess Championship Open 2023"]
[Site "Sede Social CFCSN - Rua Gen. Oswaldo P. da Veiga, 231 - 3º Andar - Volta Redonda"]
[Date "2023.11.11"]
[Round "9"]
[Board "9"]
[White "Filgueiras, Nathan Felipe"]
[Black "Munoz Ramos, Christopher"]
[Result "1-0"]
[WhiteElo "2323"]
[BlackElo "2038"]
[PlyCount "105"]
[EventDate "2023.11.06"]
[EventRounds "9"]
[EventCountry "BRA"]

1. e4 c5 2. Nf3 d6 3. d4 cxd4 4. Nxd4 Nf6 5. Nc3 a6 6. h3 e6 7. g4 h6 8. Bg2 Be7
9. Be3 Nc6 10. Qd2 e5 11. Nde2 Be6 12. Ng3 h5 13. g5 Nd7 14. Nd5 Bxd5 15. exd5 Na5
16. b3 g6 17. Ne4 b6 18. f4 O-O 19. fxe5 Nxe5 20. O-O Nb7 21. Nf6+ Kg7 22. Bd4 Qc7
23. Rae1 Rac8 24. Rf2 Rh8 25. Qf4 Rcf8 26. Rxe5 dxe5 27. Bxe5 Qc8 28. d6 Nxd6 29.
Ne8+ Kh7 30. Nxd6 Qe6 31. c4 f6 32. gxf6 Bxd6 33. Bxd6 Rd8 34. Be5 Rd1+ 35. Kh2 Re1
36. Bc3 Re3 37. Bd2 Re8 38. Bxe3 Qf7 39. Bd5 Qf8 40. f7 Rd8 41. Qh6+ Qxh6 42. Bxh6
Kxh6 43. f8=Q+ Rxf8 44. Rxf8 Kg7 45. Rb8 Kh6 46. Rxb6 a5 47. c5 a4 48. c6 axb3 49.
axb3 h4 50. c7 Kh7 51. c8=Q g5 52. Qc7+ Kh8 53. Rb8#  1-0

[Event "U20 Pan-American Chess Championship Open 2023"]
[Site "Sede Social CFCSN - Rua Gen. Oswaldo P. da Veiga, 231 - 3º Andar - Volta Redonda"]
[Date "2023.11.11"]
[Round "9"]
[Board "10"]
[White "Varillas Jimenez, Ivan"]
[Black "Ribeiro, Matheus Mendes Domingues"]
[Result "1/2-1/2"]
[WhiteElo "1985"]
[BlackElo "2150"]
[PlyCount "40"]
[EventDate "2023.11.06"]
[EventRounds "9"]
[EventCountry "BRA"]

1. e4 e6 2. d4 d5 3. Nc3 Bb4 4. Nge2 dxe4 5. a3 Bxc3+ 6. Nxc3 Nc6 7. d5 exd5 8. Qxd5
Be6 9. Qxe4 Nf6 10. Qa4 Qd4 11. Bb5 Qxa4 12. Bxa4 O-O-O 13. Bxc6 bxc6 14. Be3 Ng4
15. Nd1 f5 16. Bg5 Rd7 17. h3 Nf6 18. O-O Ne4 19. Be3 Rhd8 20. Rc1 a5  1/2-1/2

[Event "U20 Pan-American Chess Championship Open 2023"]
[Site "Sede Social CFCSN - Rua Gen. Oswaldo P. da Veiga, 231 - 3º Andar - Volta Redonda"]
[Date "2023.11.11"]
[Round "9"]
[Board "11"]
[White "Reyes Zavaleta, Cristhian Yamil"]
[Black "Casalaspro, Mathias Andre"]
[Result "1-0"]
[WhiteElo "1804"]
[BlackElo "2060"]
[PlyCount "107"]
[EventDate "2023.11.06"]
[EventRounds "9"]
[EventCountry "BRA"]

1. d4 Nf6 2. c4 g6 3. Nc3 Bg7 4. e4 d6 5. Nf3 O-O 6. Be2 Nbd7 7. O-O e5 8. dxe5
dxe5 9. b4 c6 10. c5 Re8 11. Qb3 Qc7 12. a4 Nf8 13. b5 Ne6 14. Qb4 Bf8 15. a5 Nxc5
16. Qb1 Ne6 17. Be3 c5 18. Bc4 Nd4 19. Ng5 Be6 20. Nxe6 fxe6 21. b6 Qd8 22. Na4 $11
a6 23. f3 Kh8 24. Qa2 Qd7 25. Rfc1 Rac8 26. Bf1 Rc6 27. Rc4 Rec8 28. Nb2 Qf7 29.
Nd3 Nd7 30. Rac1 Bd6 31. Be2 Qf8 32. Bd1 Nxb6 33. axb6 Rxb6 34. Qf2 Rbc6 35. f4 Qg7
36. Nxe5 Bxe5 37. fxe5 Qxe5 38. Rxd4 Qg7 39. Rdc4 b6 40. Bg4 Rf8 41. Qe2 e5 42. Rf1
h5 43. Rxf8+ Qxf8 44. Bf3 b5 45. Rc1 c4 46. Rf1 Rf6 47. Qb2 Qe8 48. Bg5 Rd6 49. Be2
Kg7 50. Qc1 Qd7 51. Qe3 Re6 52. Qg3 Qd4+ 53. Kh1 c3 54. Qf3  1-0

[Event "U20 Pan-American Chess Championship Open 2023"]
[Site "Sede Social CFCSN - Rua Gen. Oswaldo P. da Veiga, 231 - 3º Andar - Volta Redonda"]
[Date "2023.11.11"]
[Round "9"]
[Board "12"]
[White "Tomiello, Mateus Costamilan"]
[Black "Nascimento, Luiz Eduardo Da Trindade"]
[Result "1-0"]
[WhiteElo "2145"]
[BlackElo "1877"]
[PlyCount "41"]
[EventDate "2023.11.06"]
[EventRounds "9"]
[EventCountry "BRA"]

1. c4 e5 2. Nc3 Nf6 3. Nf3 Nc6 4. g3 Bc5 5. Bg2 d6 6. O-O O-O 7. d3 a6 8. a3 Be6
9. b4 Ba7 10. Rb1 Ne7 11. Bg5 Ng6 12. Ne4 b5 13. Qc2 Rc8 14. h4 Bg4 15. Nh2 Bf5 16.
h5 Bxe4 17. Bxe4 Ne7 18. Bxf6 gxf6 19. Qd2 c6 20. Ng4 f5 21. Qh6  1-0

[Event "U20 Pan-American Chess Championship Open 2023"]
[Site "Sede Social CFCSN - Rua Gen. Oswaldo P. da Veiga, 231 - 3º Andar - Volta Redonda"]
[Date "2023.11.11"]
[Round "9"]
[Board "13"]
[White "Lima, Carlos Eduardo I De Araujo"]
[Black "Seccafim, Caic Dos Santos"]
[Result "1-0"]
[WhiteElo "1857"]
[BlackElo "2062"]
[PlyCount "101"]
[EventDate "2023.11.06"]
[EventRounds "9"]
[EventCountry "BRA"]

1. d4 Nf6 2. c4 g6 3. Nc3 Bg7 4. e4 d6 5. h3 O-O 6. Nf3 c5 7. d5 b5 8. cxb5 a6 9.
a4 axb5 10. Bxb5 Ba6 11. Bg5 h6 12. Be3 Qa5 13. O-O Nbd7 14. Qd3 Rfb8 15. Rfb1 Ne8
16. Kh2 Kh7 17. Nd2 Bxb5 18. Nxb5 Nc7 19. Nc4 Ne5 20. Nxe5 Bxe5+ 21. f4 Bg7 22. Bd2
Qb6 23. Nxc7 Qxc7 24. Ra2 c4 25. Qc2 Qc5 26. Ra3 Ra6 27. a5 e6 28. dxe6 fxe6 29.
e5 d5 30. Rg3 Qe7 31. Qxg6+ Kh8 32. Re1 Rxb2 33. f5 exf5 34. Qxa6 Rxd2 35. Qa8+ Qf8
36. Qxf8+ Bxf8 37. Rb1 f4 38. Rg4 h5 39. Rxf4 Bh6 40. Rf7 Bg7 41. Rb8+ Kh7 42. Rbb7
c3 43. Rxg7+ Kh6 44. Rbc7 c2 45. Rgd7 d4 46. h4 Kg6 47. a6 Kf5 48. a7 c1=Q 49. Rxc1
Ra2 50. Rc8 d3 51. a8=Q  1-0

[Event "U20 Pan-American Chess Championship Open 2023"]
[Site "Sede Social CFCSN - Rua Gen. Oswaldo P. da Veiga, 231 - 3º Andar - Volta Redonda"]
[Date "2023.11.11"]
[Round "9"]
[Board "14"]
[White "Errazola, Mauricio"]
[Black "Nascimento, Nicolas Daniel Trindade"]
[Result "0-1"]
[WhiteElo "1725"]
[BlackElo "1797"]
[PlyCount "84"]
[EventDate "2023.11.06"]
[EventRounds "9"]
[EventCountry "BRA"]

1. d4 Nf6 2. c4 e6 3. Nc3 d5 4. cxd5 exd5 5. Bg5 Nbd7 6. e3 Be7 7. Bd3 c6 8. Nge2
O-O 9. O-O h6 10. Bh4 Re8 11. f3 c5 12. Bf2 cxd4 13. Nxd4 Ne5 14. Bc2 Nc4 15. Rb1
Bb4 16. Qd3 Ne5 17. Qe2 a6 18. Bb3 Bc5 19. Na4 Ba7 20. Rbc1 Neg4 21. Qd3 Nxf2 22.
Rxf2 Bd7 23. Nc5 Qe7 24. Nxd7 Qxd7 25. Rfc2 Qd6 26. Rc7 Qe5 27. Nf5 b5 28. R1c2 Bxe3+
29. Nxe3 Qxe3+ 30. Qxe3 Rxe3 31. Rd2 Rd8 32. Kf2 Re6 33. g4 g5 34. Re2 Rdd6 35. Rec2
Nd7 36. Rc8+ Kg7 37. Rd8 Ne5 38. Rcc8 Nd3+ 39. Kg3 Rxd8 40. Rxd8 Nf4 41. Bd1 Re1
42. Bb3 Re2  0-1

[Event "U20 Pan-American Chess Championship Open 2023"]
[Site "Sede Social CFCSN - Rua Gen. Oswaldo P. da Veiga, 231 - 3º Andar - Volta Redonda"]
[Date "2023.11.11"]
[Round "9"]
[Board "15"]
[White "Cahuapaza Tarapaca, Leonardo"]
[Black "Reyes Zavaleta, Sergio Gabriel"]
[Result "1-0"]
[WhiteElo "1818"]
[BlackElo "1287"]
[PlyCount "73"]
[EventDate "2023.11.06"]
[EventRounds "9"]
[EventCountry "BRA"]

1. d4 d5 2. Bf4 Nf6 3. e3 Bf5 4. c4 c6 5. Nc3 e6 6. Qb3 Qc8 7. h3 Nbd7 8. Nf3 Ne4
9. Rc1 Nxc3 10. bxc3 a5 11. a4 Be7 12. Be2 O-O 13. O-O b6 14. cxd5 exd5 15. c4 dxc4
16. Bxc4 Qb7 17. Rfe1 Bb4 18. Re2 Nf6 19. Ne5 b5 20. Bd3 Be6 21. Qb1 bxa4 22. Nxc6
Bd5 23. Rec2 Bxc6 24. Rxc6 Rac8 25. Rc7 Rxc7 26. Rxc7 Qb6 27. Qa2 Bd6 28. Bxd6 Qxd6
29. Rc5 Rb8 30. Qxa4 Qe6 31. Rxa5 Qc8 32. Rc5 Qd8 33. e4 Ra8 34. Qc4 Ra1+ 35. Kh2
Ra8 36. g3 g6 37. Rc7  1-0

[Event "U20 Pan-American Chess Championship Open 2023"]
[Site "Sede Social CFCSN - Rua Gen. Oswaldo P. da Veiga, 231 - 3º Andar - Volta Redonda"]
[Date "2023.11.11"]
[Round "9"]
[Board "16"]
[White "Da Fonseca Pinto, Joao Gabriel Alves"]
[Black "Andriska, Matheus Jose Amante"]
[Result "1/2-1/2"]
[WhiteElo "1762"]
[BlackElo "1261"]
[PlyCount "90"]
[EventDate "2023.11.06"]
[EventRounds "9"]
[EventCountry "BRA"]

1. e4 e5 2. Nf3 Nc6 3. Bb5 d6 4. d4 Bd7 5. O-O Nf6 6. Re1 a6 7. Bxc6 Bxc6 8. dxe5
dxe5 9. Qxd8+ Rxd8 10. Nxe5 Bb5 11. a4 Bd7 12. Nxd7 Rxd7 13. Bg5 Be7 14. Nc3 O-O
15. Rad1 Rfd8 16. Rxd7 Rxd7 17. f3 h6 18. Bxf6 Bxf6 19. Rd1 Rxd1+ 20. Nxd1 Kf8 21.
Kf2 Ke7 22. Ke3 c5 23. Kd3 Kd6 24. Ne3 Kc6 25. b3 a5 26. Nd5 Bd4 27. Ne7+ Kd7 28.
Nf5 Be5 29. Kc4 Kc6 30. h3 h5 31. g4 g6 32. Ne7+ Kd7 33. Nd5 Kc6 34. gxh5 gxh5 35.
Ne7+ Kd7 36. Nf5 Kc6 37. Nh6 f6 38. Nf5 Bf4 39. Ng7 h4 40. Nf5 Bg5 41. Ne7+ Kd7 42.
Nd5 Kc6 43. Ne7+ Kd7 44. Nf5 Kc6 45. Kd3 Kd7  1/2-1/2